| 000 | 006220000a22001810004500 | ||
|---|---|---|---|
| 003 | MACL | ||
| 005 | 20160228114745.0 | ||
| 008 | 160228b xxu||||| |||| 00| 0 eng d | ||
| 040 |
_aMACL _cMACL |
||
| 041 | _aHindi | ||
| 082 | _a403 KUM | ||
| 100 |
_aकुमार अरविंद _938528 |
||
| 245 |
_aशब्देक्ष्वरी _bदेवी देवताओं के नामों का समांतर कोश |
||
| 260 |
_bराजकमल प्रकाशन _c1999 _aनई दिल्ली |
||
| 350 | _a225 | ||
| 650 |
_aDictionary _941153 |
||
| 942 |
_cHIN _k403 _2ddc |
||
| 999 |
_c29784 _d29784 |
||